| 000 | 00426nam a2200169 a 4500 | ||
|---|---|---|---|
| 020 | _a0697251802 (case) | ||
| 020 | _a0697251810 (paper) | ||
| 040 | _cDLC | ||
| 082 | 0 | 0 | _a570 BRO 1997 A080 Or. |
| 100 | 1 | _aMader, Sylvia S. | |
| 245 | 1 | 0 | _aInquiry into life / |
| 250 | _a8th ed. | ||
| 260 |
_aDubuque, IA : _bW.C. Brown, _cc1997. |
||
| 300 |
_axx, 712, [72] p. : _bcol. ill. ; _c29 cm. |
||
| 650 | 0 | _aBiology. | |
| 942 | _cEK | ||
| 999 |
_c15826 _d15826 |
||